Runway and treadmill deforestation : reflections on the economics of forest development in the tropics

Bibliographic Details
Main Author: BURNS
Corporate Author: International Union for Conservation of Nature and Natural Resources (IUCN)
Format: Book
Published: Canbridge : IUCN , 1986
Series:IUCN/IIED tropical forest policy paper; no. 2
Subjects:

MARC

LEADER 00000cam a2200000 7i4500
001 0000002560
005 20030807.0
020 0 0 |a 2880329108 
090 0 0 |a 333.75137bBUR 1986 
100 1 0 |a BURNS   |h David 
245 1 0 |a Runway and treadmill deforestation :   |b reflections on the economics of forest development in the tropics   |c David Burns 
260 0 0 |a Canbridge :   |b IUCN ,   |c 1986 
300 |a 20 p. ;   |c 30 cm. 
440 0 0 |a IUCN/IIED tropical forest policy paper; no. 2 
500 0 0 |a Bibliography : p. 20 
650 0 0 |a Deforestation   |x Economic aspects 
650 0 0 |a Forest management 
710 1 1 |a International Union for Conservation of Nature and Natural Resources (IUCN) 
998 |a JPSM 
999 |a 0000004268   |b Monograph   |c Open Shelf   |e Default branch